Tallest Buildings in Chicago - Statistics

General Stats
  • This quiz has been taken 13 times
  • The average score is 6 of 10
Answer Stats
Picture Hint Answer % Correct
1,127 ft (344 m) 875 North Michigan Avenue
100%
1,388 ft (423 m) Trump International Hotel and Tower
100%
1,451 ft (442 m) Willis Tower
100%
1,136 ft (346 ft) Aon Center
77%
1,198 ft (363 m) St. Regis Chicago
77%
1,007 ft (307 m) Franklin Center
38%
995 ft (303 m) Two Prudential Plaza
31%
973 ft (296 m) One Chicago
23%
961 ft (293 m) 311 South Wacker Drive
15%
896 ft (273 m) NEMA Chicago
15%
No matching quizzes found
Score Distribution
Percent of People with Each Score
Percentile by Number Answered
Your Score History
You have not taken this quiz